000
00380nam a22001097a 4500
040
_c
SK
082
_a
629
100
_a
NA
245
_a
Dis plugh 50-80 ph for tractors; នង្គ័លថាស ៣៧ សំរាប់បំពាក់ជាមួយត្រាក់មួយត្រាក់ទ័រពី ៥០-៨០ សេះ
260
_a
RUA
_b
NA
_c
2003
942
_c
KB
999
_c
9208
_d
9208